000 00314 a2200157 4500
001 73389
020 _a
040 _cAnchieta - Colégio São Paulo
240 1 0 _aHistória
_lpor
245 1 0 _aHistória
300 _a36
362 0 _a2008
440 1 _aPositivo
650 4 _aHistória do mundo
942 _cBK
999 _c73389
_d73389